First level subdivisions surrounding Slovenia - Statistics

General Stats
  • This quiz has been taken 13 times
  • The average score is 6 of 13
Answer Stats
Hint Answer % Correct
Austria Burgenland
100%
Austria Kärnten
100%
Italy Friuli-Venezia Giulia
91%
Austria Steiermark
91%
Croatia Zagrebacka
82%
Hungary Zala
73%
Hungary Vas
45%
Croatia Istarska
18%
Croatia Karlovacka
9%
Croatia Krapinsko-Zagorska
9%
Croatia Medimurska
9%
Croatia Primorsko-Goranska
9%
Croatia Varazdinska
9%
No matching quizzes found
Score Distribution
Percent of People with Each Score
Percentile by Number Answered
Your Score History
You have not taken this quiz